000 00496ntaaa2200181 4500
003 01
005 20251027202438.0
008 0714s1973 ag 01
040 _aAR-BaBN
_bspa
_cAR-BaBN
_eaacr
_dRIC
082 _a266.0000 L43
100 _aLawrence, J. B.
_96237
245 _aHistory of the Home Mission Board
250 _a1 ed. :
_bBroadman Press,
_cc/958
300 _ax, 170 p.
650 _aMisiones Domésticas USA
650 _aBautistas de Sud-Misiones Domésticas
_923316
942 _cBK
999 _c19423
_d19423